Alle Verteidigungsminister Deutschlands - Statistiken

Allgemein
  • Dieses Quiz wurde 41 mal gespielt
  • Das Durchschnittsergebnis liegt bei 8 aus 20
Antwortstatistiken
Amtszeit Minister % Korrekt
2023-heute Boris Pistorius
92%
2013-2019 Ursula von der Leyen
84%
2009-2011 Karl-Theodor zu Guttenberg
73%
2019-2021 Annegret Kramp-Karrenbauer
70%
1956-1963 Franz Josef Strauß
62%
1969-1972 Helmut Schmidt
62%
2021-2023 Christine Lambrecht
59%
1998-2002 Rudolf Scharping
41%
2011-2013 Thomas de Maizière
41%
2002-2005 Peter Struck
35%
2005-2009 Franz Josef Jung
30%
1989-1992 Gerhard Stoltenberg
30%
1992-1998 Volker Rühe
27%
1966-1969 Gerhard Schröder
24%
1982-1988 Manfred Wörner
16%
1955-1956 Theodor Blank
16%
1972-1978 Georg Leber
14%
1978-1982 Hans Apel
11%
1963-1966 Kai-Uwe von Hassel
11%
1988-1989 Rupert Scholz
8%
Keine übereinstimmenden Quizze gefunden
Verteilung der Resultate
Anzahl Personen mit jedem Resultat
Perzentil nach korrekt beantworteten Fragen
Ihre Resultats-Entwicklung
Sie haben dieses Quiz noch nicht gespielt